LEADER 01605nam a2200349 u 4500 001 000000015079 003 CaOOAMICUS 005 20070226105835.0 008 941202s1994 it a u000 u ita u 020 $a8842045071 035 $a10354612 040 $aEFR$bita 245 00$aDonne e fede :$bsantità e vita religiosa in Italia /$cG. Barone ... [et al.] ; a cura di Lucetta Scaraffia e Gabriella Zarri. 260 $aRoma :$bLaterza,$c1994. 300 $axvi, 549 p. :$bill. ;$c22 cm 490 1 $aStoria e società 490 1 $aStoria delle donne in Italia 504 $aBibliografia: p. 531-549. 650 0$aMonasticism and religious orders for women$zItaly$xHistory.$2//eng$0(OLS)http://pul/subject/10511 650 0$aWomen in Christianity$zItaly$xHistory.$2//eng$0(OLS)http://pul/subject/2889 650 0$aWomen$zItaly$xReligious life.$2//eng$0(OLS)http://pul/subject/10512 700 1 $aZarri, Gabriella,$d1942-$0(OLS)http://pul/name/6684 700 1 $aScaraffia, Lucetta,$d1948-$0(OLS)http://pul/name/13910 830 0$aStoria delle donne in Italia.$0(OLS)http://pul/title/21647 830 0$aStoria e società (Laterza).$0(OLS)http://pul/title/761 850 $aPUL 852 $aPUL$W1$xSL Religione 1$y3$m41 E 99$j21141$nBK-PRI$b $qStampati$B21141$CPULBib$Z2$F21141 $H $81 941 1 $a8 961 $aINV: 72916 996 $6020$a8842045071$9(OLS)http://pul/number/19150 996 $6245$aDonne e fede :$bsantità e vita religiosa in Italia$9(OLS)http://pul/title/21646 996 $6260$aRoma :$bLaterza$9(OLS)http://pul/publisher/47864 LEADER 01373nam a2200325 u 4500 001 000000057975 003 CaOOAMICUS 005 20070226120636.0 008 010521s1996 it u000 u ita u 020 $a884000209X 035 $a10889807 040 $aPUL$bita$dPUL(R) 041 1 $aita$hger 100 1 $aCassirer, Ernst,$d1874-1945.$0(OLS)http://pul/name/5598 245 10$aDisputa sull'eredità kantiana :$bdue documenti (1928 e 1931) /$cErnst Cassirer ; a cura di Riccardo Lazzari. 260 $aMilano :$bEd. Unicopli,$c1996. 300 $a142 p. ;$c19 cm 490 1 $aIncroci ;$v13 504 $aBibliografia in nota. 600 14$aKant, Immanuel,$d1724-1804.$0(OLS)http://pul/subject/4849 700 1 $aHeidegger, Martin,$d1889-1976.$0(OLS)http://pul/name/5737 700 1 $aLazzari, Riccardo.$0(OLS)http://pul/name/40344 830 0$aIncroci ;$v13.$0(OLS)http://pul/title/63955 850 $aPUL 852 $aPUL$W1$xDP2 Filosofia 3$y112$m193 LAZRI 1$j176604$nBK-PRI$b $qDDC 21$B75751$CPULBib$Z2$F75751 $H84863 $81 941 1 $a9 961 $aPrecedente collocazione: Fil 57 996 $6020$a884000209X$9(OLS)http://pul/number/73359 996 $6245$aDisputa sull'eredità kantiana :$bdue documenti (1928 e 1931)$9(OLS)http://pul/title/77637 996 $6260$aMilano :$bEd. Unicopli$9(OLS)http://pul/publisher/67039